000 00669nam a2200193 i 4500
001 118909
003 ES-MaACL
005 20230906191213.0
007 t|
008 070214s1966 sp r ||||1| spa d
100 1 _aPérez de la Dehesa, Rafael.
_990781
245 1 0 _aPolítica y sociedad en el primer Unamuno
_b: 1894-1904 /
_cRafael Pérez de la Dehesa.
260 _aMadrid :
_bCiencia Nueva,
_c1966.
300 _a207 p. ;
_c19 cm.
600 1 4 _aUnamuno, Miguel de,
_d1864-1936-
_xPensamiento político
_9111988
600 1 4 _aUnamuno, Miguel de,
_d1864-1936-
_xCrítica e interpretación
_9111984
852 _aES-MaACL
_jC-30432
999 _c118909
_d118909